000 01055nam a2200289Ia 4500
003 OSt
005 20221005104421.0
006 a|||||r|||| 00| 0
007 ta
008 221004b |||||||| |||| 00| 0 hin d
020 _a9788126312122 (hbk)
_cINR 800.00
024 _a36684
037 _bBW/1695, 15/03/2018, Bookwell
_cTextual
040 _aCRL
_cCRL
_bhin
041 _2hin
_ahin
082 _aO155,3NPA,MA, 152Q5
100 _aपाटील, विश्वास, ले.
245 0 _aमहानायक
246 _aMahānāyaka
260 _aदिल्ली
_bभारतीय ज्ञानपीठ भारत
_c2015
300 _a976पृ0
_ccm.
490 _aराष्ट्रभारती; ग्रन्थांक 638
650 _a मराठी साहित्य
650 _aमराठी कहानी
942 _hO155,3NPA,MA, 152Q5
_cTEXL
_2cc
999 _c1012657
_d1012657